Pracující ženy a zaměstnanecká nejistota (post-krizové mezery v rámci pohlaví)
Analýza spôsobu akým sa index genderovej odchylky (GGI) v mierne rozvinutých krajinách dotýka znížených verejných výdavkov, a to v prípade sociálnych programov, zatiaľ čo viac prostriedkov smeruje k zahrničným veriteľom prostredníctvom služby externého dlhu. Verejná genderová politika. Globálny rozd...
Salvato in:
| Autore principale: | |
|---|---|
| Natura: | Capitolo di libro |
| Lingua: | ceco |
| Soggetti: | |
| Tags: |
Nessun Tag, puoi essere il primo ad aggiungerne!!
|
MARC
| LEADER | 00000naa a2200000 4500 | ||
|---|---|---|---|
| 001 | 0245652 | ||
| 005 | 20190424102837.4 | ||
| 041 | 0 | |a cze | |
| 044 | |a CZ | ||
| 245 | 1 | 0 | |a Pracující ženy a zaměstnanecká nejistota (post-krizové mezery v rámci pohlaví) |c Marek Merhaut |
| 520 | |a Analýza spôsobu akým sa index genderovej odchylky (GGI) v mierne rozvinutých krajinách dotýka znížených verejných výdavkov, a to v prípade sociálnych programov, zatiaľ čo viac prostriedkov smeruje k zahrničným veriteľom prostredníctvom služby externého dlhu. Verejná genderová politika. Globálny rozdiel pohlaví. | ||
| 610 | 2 | 0 | |a ženy |
| 610 | 2 | 0 | |a pomer pracovný |
| 610 | 2 | 0 | |a vzťahy genderové |
| 610 | 2 | 0 | |a programy sociálne |
| 610 | 2 | 0 | |a výdavky verejné |
| 100 | 1 | |a Merhaut, Marek | |